• 首页
  • 本馆介绍
  • 公告通知
  • 最新文献
  • 馆藏检索
  • 电子资源
  • 读者导购
  • 参考咨询
  • 我的图书馆
  • 登录
  • 详细信息显示
  • 放入我的书架
  • 预约/预借图书
  • 作者相关作品
  • 分类相关作品
  • 丛书相关作品
  • 出版社相关作品

书目信息

  • 表格格式
  • 工作单格式
  • 卡片格式
题名:
小提琴练习曲75首
    
 
作者: 马扎斯 著
分册:  
出版信息: 北京   人民音乐出版社  1977.10
页数: 136页
开本: 26cm
丛书名:
单 册:
中图分类: J657.21
科图分类:
主题词: 外国音乐--作品 , 音乐--各国--作品
电子资源:
ISBN:
000 00560nam0 2200205 45
001 0312221749
005 20040510151308.1
010    @dCNY2.80
100    @a20031222d1977 km y0chiy0120 ea
101    @achi
105    @a z 000yy
200 1  @a小提琴练习曲75首@e作品36@AXiao Ti Qin Lian Xi Qu 75 Shou@f马扎斯著@FMa Zha Si Zhu
210    @a北京@c人民音乐出版社@d1977.10
215    @a136页@d26cm
606 0  @a外国音乐@x作品
606 0  @a音乐@y各国@x作品
690    @aJ657.21@v3
701 0  @a马扎斯@4著
801    @aCN@bTSTCL@c20031222
905    @dJ657.21@e119
    
    小提琴练习曲75首:作品36/马扎斯著.-北京:人民音乐出版社,1977.10
    136页;26cm
    
    
    ISBN :CNY2.80
    
●
相关链接 在E读中查询图书 在五车中查询图书 在当当中查询图书 在豆瓣中查询图书


正题名:小提琴练习曲75首     索取号:J657.21/119         预约/预借

序号 登录号 条形码 馆藏地/架位号 状态 备注
1 0207869   001704203   第一借阅区/ [索取号:J657.21/119] 在馆    
2 0207870   001228442   第一样本阅览室/ [索取号:J657.21/119] 在馆    
唐山师范学院图书馆 欢迎您!
大连网信软件有限公司© 版权所有